[Event "RSA-chT U12"]
[Site "Cape Town"]
[Date "2016.01.05"]
[Round "4.5"]
[White "Scheepers, Jonathan"]
[Black "Visagie, Christopher"]
[Result "0-1"]
[WhiteElo "1110"]
[BlackElo "1039"]
[PlyCount "138"]
[EventDate "2016.01.04"]
[EventType "team-tourn"]
[EventRounds "7"]
[EventCountry "RSA"]
[SourceTitle "CBM 170 Extra"]
[Source "ChessBase"]
[SourceDate "2016.02.25"]
[SourceVersion "1"]
[SourceVersionDate "2016.02.25"]
[SourceQuality "1"]
[WhiteTeam "Nelson Mandela Bay"]
[BlackTeam "Ethekwini"]
[WhiteTeamCountry "RSA"]
[BlackTeamCountry "RSA"]

1. d4 d5 2. Nc3 Bf5 3. Bf4 a6 4. Nf3 Nc6 5. a3 Nf6 6. e3 e6 7. Be2 g6 8. Qd2 Qd7 9. 0-0-0 Bg7 10. Be5 0-0-0 11. Rhg1 h5 12. h3 Ne8 13. Bxg7 Nxg7 14. Ne1 g5 15. Bd3 f6 16. g3 Bxh3 17. Na4 Bg4 18. f3 Bh3 19. Nc5 Qd6 20. f4 Bg4 21. Be2 Bxe2 22. Qxe2 g4 23. e4 Rhe8 24. e5 fxe5 25. fxe5 Qf8 26. c3 Nf5 27. Nc2 Qh6+ 28. Kb1 Kb8 29. Qd3 Rf8 30. Rdf1 Nfe7 31. Rxf8 Rxf8 32. Nd7+ Kc8 33. Nxf8 Qxf8 34. Qf1 Nf5 35. Ne3 Nce7 36. Nxf5 Nxf5 37. Qf4 Qg7 38. Rh1 Qg6 39. Ka2 b6 40. b4 b5 41. Kb3 Kd7 42. a4 bxa4+ 43. Kxa4 Qe8 44. Ra1 Ke7+ 45. Kb3 Qb5 46. Qf1 Qxf1 47. Rxf1 Nxg3 48. Rg1 h4 49. Kc2 Ne2 50. Rxg4 h3 51. Rh4 Ng1 52. Kd1 Kd7 53. Ke1 Nf3+ 54. Kf2 Nxh4 55. Kg3 h2 56. Kxh2 Nf3+ 57. Kg3 Ng5 58. Kf4 Nf7 59. Ke3 Nd8 60. Kd3 Nc6 61. Kc2 a5 62. bxa5 Nxa5 63. Kd2 Nb7 64. Kd3 c5 65. dxc5 Nxc5+ 66. Kd4 Nb3+ 67. Ke3 Kc6 68. Ke2 Kc5 69. Kd3 Nc1+ 0-1